[Event "Alvise Zichichi mem 7th"]
[Site "Ladispoli"]
[Date "2009.09.20"]
[Round "3"]
[White "Sarti, Emanuele"]
[Black "Quimi, Marco"]
[Result "0-1"]
[WhiteElo "1431"]
[BlackElo "2227"]
[PlyCount "56"]
[EventDate "2009.09.19"]
[EventType "swiss"]
[EventRounds "8"]
[EventCountry "ITA"]
[SourceTitle "EXT 2012"]
[Source "ChessBase"]
[SourceDate "2011.11.24"]
[SourceVersion "1"]
[SourceVersionDate "2011.11.24"]
[SourceQuality "1"]

1. e4 g6 2. d4 Bg7 3. Bc4 c6 4. Nf3 b5 5. Bb3 d6 6. 0-0 Nf6 7. Re1 0-0 8. Bg5 Bb7 9. c3 Qc7 10. Qd2 e5 11. Bh6 Nbd7 12. a4 a6 13. Qg5 Rae8 14. Nbd2 exd4 15. cxd4 c5 16. Rac1 Nxe4 17. Nxe4 Bxe4 18. Re3 c4 19. Bxg7 Kxg7 20. axb5 h6 21. Rxc4 Qxc4 22. Bxc4 hxg5 23. Nxg5 Ba8 24. Rb3 Re1+ 25. Bf1 Bd5 26. Rb4 axb5 27. f3 Bc4 28. Rxc4 bxc4 0-1

[Event "Alvise Zichichi mem 7th"]
[Site "Ladispoli"]
[Date "2009.09.19"]
[Round "2"]
[White "Fasulo, Marco"]
[Black "Sarti, Emanuele"]
[Result "0-1"]
[WhiteElo "1616"]
[BlackElo "1431"]
[PlyCount "48"]
[EventDate "2009.09.19"]
[EventType "swiss"]
[EventRounds "8"]
[EventCountry "ITA"]
[SourceTitle "EXT 2012"]
[Source "ChessBase"]
[SourceDate "2011.11.24"]
[SourceVersion "1"]
[SourceVersionDate "2011.11.24"]
[SourceQuality "1"]

1. e4 d5 2. exd5 Nf6 3. c4 e6 4. dxe6 Bxe6 5. d4 Bb4+ 6. Nc3 0-0 7. a3 Bxc3+ 8. bxc3 Re8 9. Be3 Ng4 10. Bd3 Nxe3 11. fxe3 Qg5 12. e4 Qxg2 13. Qf3 Qb2 14. Rb1 Qxc3+ 15. Kd1 Qxd4 16. Ne2 Qd7 17. Ke1 Nc6 18. Rg1 Ne5 19. Qf6 Nxd3+ 20. Kd2 Ne5+ 21. Ke3 Ng4+ 22. Rxg4 Bxg4 23. Qf4 Rad8 24. Rg1 Qd3+ 0-1

[Event "Rome Elo op 1st"]
[Site "Rome"]
[Date "2008.11.19"]
[Round "6"]
[White "Capitani, Roberto"]
[Black "Sarti, Emanuele"]
[Result "0-1"]
[WhiteElo "1599"]
[BlackElo "1467"]
[PlyCount "26"]
[EventDate "2008.10.15"]
[EventType "swiss"]
[EventRounds "7"]
[EventCountry "ITA"]
[SourceTitle "EXT 2011"]
[Source "ChessBase"]
[SourceDate "2010.11.26"]
[SourceVersion "1"]
[SourceVersionDate "2010.11.26"]
[SourceQuality "1"]

1. e4 d5 2. exd5 Nf6 3. Nf3 Nxd5 4. Be2 Nc6 5. 0-0 f6 6. d4 g5 7. h3 g4 8. Nh2 h5 9. hxg4 hxg4 10. Nxg4 Qd6 11. g3 Bf5 12. c4 Be4 13. cxd5 Rh1# 0-1